LEADER 01756nam a2200361 a 4500 001 000000145380 003 CaOOAMICUS 005 20150902123846.0 008 150902s1997 it u000 u ita r 020 $a88-10-80777-4 040 $aPUL$bita 111 2 $aSimposio dei vescovi europei$n(9 :$d1996 :$cRoma).$0(OLS)http://pul/name/93098 245 10$aReligione fatto privato e realtà pubblica :$bla Chiesa nella società pluralista /$ca cura di Aldo Giordano. 260 $aBologna :$bEDB,$c©1997. 300 $a234 p. ;$c21 cm 490 1 $aLettere e scritti di pastori 500 $aIn testa al front.: Consiglio delle Conferenze Episcopali d'Europa (CCEE) IX Simposio dei vescovi europei. 504 $aBibliografia in nota. 650 4$aChiesa e società$ySec. XX.$0(OLS)http://pul/subject/39567 700 1 $aGiordano, Aldo.$0(OLS)http://pul/name/93099 710 2 $aConsilium conferentiarum episcoporum Europae.$0(OLS)http://pul/name/95018 830 0$aLettere e scritti di pastori.$0(OLS)http://pul/title/183846 850 $aPUL 852 $aPUL$W1$xDP1 Fondo S. Lanza$y121$m3 N 29$j168126$qFondi$B168706$CPULBib$Z2$F168706 $HLan1351 $82 910 $aConsiglio delle conferenze episcopali d'Europa$995018 910 $aConseil des conférences épiscopales européennes (CCEE)$995018 910 $aCCEE (Consilium conferentiarum episcoporum Europae)$995018 941 1 $a1 961 $aNota ms. di possesso: Sergio Lanza 996 $6020$a88-10-80777-4$9(OLS)http://pul/number/158446 996 $6245$aReligione fatto privato e realtà pubblica :$bla Chiesa nella società pluralista$9(OLS)http://pul/title/183845 996 $6260$aBologna :$bEDB$9(OLS)http://pul/publisher/56073 LEADER 01200nam a2200265 u 4500 001 000000113738 003 CaOOAMICUS 005 20081103125343.0 008 081103s2008 it u000 u ita r 020 $a88-14-13999-7 040 $aPUL$bita$dLDB 100 1 $aGioia, Andrea.$0(OLS)http://pul/name/70155 245 10$aManuale breve di diritto internazionale :$btutto il programma d'esame con domande e risposte commentate /$cAndrea Gioia. 250 $a2. ed. 260 $aMilano :$bGiuffrè,$c2008. 300 $axxi, 513 p. ;$c24 cm. 490 1 $aPercorsi Giuffrè 650 4$aDiritto internazionale$xManuali e compendi.$0(OLS)http://pul/subject/26810 830 0$aPercorsi (Giuffrè).$0(OLS)http://pul/title/132978 850 $aPUL 852 $aPUL$W1$xDP2 Diritto e Scienze Sociali 3$y110$m341 STMAN 1$j129946$qDDC 21$B129012$CPULBib$Z2$F129012 $H108696 $82 941 1 $a9 996 $6020$a88-14-13999-7$9(OLS)http://pul/number/139068 996 $6245$aManuale breve di diritto internazionale :$btutto il programma d'esame con domande e risposte commentate$9(OLS)http://pul/title/142921 996 $6260$aMilano :$bGiuffrè$9(OLS)http://pul/publisher/48401